Psy - jak je znasz? - Statystyki

Ogólne statystyki
  • Ten quiz został rozwiązany 1 148 razy
  • Średni wynik to 11 z 54
Statystyki odpowiedzi
Obrazkowy Hint Odpowiedź % Poprawnych
Niemcy Owczarek niemiecki
88%
Chiny Mops
55%
Niemcy Jamnik
54%
Niemcy Doberman
53%
Chorwacja Dalmatyńczyk
52%
Szwajcaria Bernardyn
49%
Wielka Brytania Border collie
49%
Wielka Brytania Buldog francuski
46%
Niemcy Bokser
42%
basen Morza Śródziemnego Maltańczyk
42%
Francja Pudel
39%
Wielka Brytania Beagle
36%
Wielka Brytania Buldog angielski
36%
Niemcy Dog niemiecki
33%
Chiny Chow chow
31%
Wielka Brytania Golden retriever
30%
Niemcy Rottweiler
30%
Meksyk Chihuahua
26%
USA Owczarek australijski
25%
Polska Owczarek podhalański
24%
Rosja Samoyed
24%
Szwajcaria Berneński pies pasterski
21%
Wielka Brytania Yorkshire terrier
18%
Szetlandy (Wielka Brytania) Owczarek szetlandzki
17%
Chiny Shar pei
16%
Wielka Brytania Bulterier
14%
Alaska (USA) Alaskan malamute
12%
Tybet Shih tzu
12%
Afganistan Chart afgański
11%
Irlandia Seter irlandzki
9%
Niemcy Wyżeł weimarski
9%
Wielka Brytania Labrador retriever
8%
Belgia Malinois
8%
Wielka Brytania Basset hound
6%
Szwajcaria Biały owczarek szwajcarski
6%
Wielka Brytania Jack Russell terrier
6%
Kanada Nowofundland
6%
Szkocja Owczarek szkocki długowłosy
6%
Rosja Borzoj
5%
Wielka Brytania Cavalier king charles spaniel
5%
Wielka Brytania Cocker spaniel angielski
5%
Polska Polski owczarek nizinny
5%
Rosja Siberian husky
5%
Szkocja Terier szkocki
5%
Walia Welsh corgi pembroke
5%
Szkocja West highland white terrier
5%
Irlandia Wilczarz irlandzki
5%
Szkocja Seter szkocki
4%
Francja Briard
3%
Czechosłowacja Czechosłowacki wilczak
2%
Irlandia Terier irlandzki
2%
USA American staffordshire terrier
1%
Anglia Mastif angielski
1%
Niemcy Sznaucer olbrzymi
1%
Nie znaleziono quizów pasujących do podanych kryteriów
Rozkład punktacji
Procent ludzi z każdym wynikiem
Percentyl według liczby udzielonych odpowiedzi
Twoja historia wyników
Nie rozwiązałeś tego quizu